Recenzia učebnice Šíbl, D. a kol.: Integračné procesy v Európskej únii

Publikácia D. Šíbla a kol.: Integračné procesy v Európskej únii približuje študentom problematiku európskej integrácie. Publikácia je rozdelená do deviatich kapitol. Spracováva teoretické otázky súvisiace s podstatou a príčinami medzinárodnej ekonomickej integrácie, s vývojom jej teórie, formami, úč...

Ausführliche Beschreibung

Gespeichert in:
Bibliographische Detailangaben
1. Verfasser: Silná, Zuzana
Format: Buchkapitel
Sprache:Slowakisch
Schlagworte:
Tags: Tag hinzufügen
Keine Tags, Fügen Sie das erste Tag hinzu!

MARC

LEADER 00000naa$a2200000$$$4500
001 0044457
005 20240502071523.8
041 0 |a slo 
044 |a SK 
245 1 0 |a Recenzia učebnice Šíbl, D. a kol.: Integračné procesy v Európskej únii  |c Zuzana Silná 
520 |a Publikácia D. Šíbla a kol.: Integračné procesy v Európskej únii približuje študentom problematiku európskej integrácie. Publikácia je rozdelená do deviatich kapitol. Spracováva teoretické otázky súvisiace s podstatou a príčinami medzinárodnej ekonomickej integrácie, s vývojom jej teórie, formami, účinkami a mechanizmami. Analýza sa sústreďuje na Európsku úniu, jej vývoj a fungovanie v súčasnosti. 
610 2 0 |a recenzie 
610 2 0 |a integrácia ekonomická medzinárodná 
610 2 0 |a Európska únia 
610 2 0 |a inštitúcia 
100 1 |a Silná, Zuzana